000
00314nam a22001337a 4500
020
_a
978-81-8451-063-8
082
_a
200
_b
VED/ B
100
_a
PRAKASH, VED
245
_a
FAMOUS STORIES FROM THE BIBLE
260
_a
DELHI
_b
DREAMLAND PUBLICATIONS
_c
2007
300
_a
271
650
_a
RELIGIOUS
_z
INDIA
942
_c
BK
999
_c
5255
_d
5255